000 004440000a22001810004500
003 MACL
005 20150821154751.0
008 150821b xxu||||| |||| 00| 0 eng d
040 _aMACL
_cMACL
041 _aEnglish
082 _a610/KHO
100 _aKhosla, S N
_96562
245 _aEveryman's Guide To Perfect Health
260 _bPeacook Books
_c2006
_aNew Delhi
350 _a795
650 _aMedical science
_985
942 _cBK
_k610
_2ddc
999 _c8576
_d8576